[Event "II Royal Residence Cup"]
[Site "Zhovkva UKR"]
[Date "2011.07.01"]
[Round "7"]
[White "Chulivska,V"]
[Black "Terletsky,O"]
[Result "1/2-1/2"]
[WhiteElo "2219"]
[BlackElo "2179"]

1.e4 e5 2.Nf3 Nc6 3.Bb5 a6 4.Ba4 Nf6 5.O-O Be7 6.Re1 b5 7.Bb3 d6 8.h3 O-O
9.c3 Bb7 10.d4 Re8 11.Ng5 Rf8 12.Nf3 h6 13.Nbd2 Re8 14.Nf1 Bf8 15.Ng3 Qd7
16.a4 Rad8 17.axb5 axb5 18.Qd3 exd4 19.Nxd4 Nxd4 20.cxd4 c5 21.Bc2 g6 22.Ra5 c4
23.Qc3 d5 24.e5 b4 25.Qf3 Re6 26.Bd2 Ne4 27.Nxe4 dxe4 28.Bxe4 Qxd4 29.Bxb7 Qxd2
30.Re2 Qd1+ 31.Kh2 Rd3 32.Qe4 Rd4 33.Qf3 Rd3 34.Qe4  1/2-1/2

[Event "6th Polonia Wroclaw Open A"]
[Site "Wroclaw POL"]
[Date "2011.07.07"]
[Round "6"]
[White "Helaszek,E"]
[Black "White,J USA"]
[Result "1-0"]
[WhiteElo "2066"]
[BlackElo "1925"]

1.e4 e5 2.Nf3 Nc6 3.Bb5 a6 4.Ba4 Nf6 5.O-O Be7 6.Re1 b5 7.Bb3 d6 8.c3 O-O
9.h3 Bb7 10.d3 Na5 11.Bc2 c5 12.Nbd2 Re8 13.Nf1 Qc7 14.Ng3 Bf8 15.Bg5 Nd7
16.Qd2 d5 17.b4 cxb4 18.cxb4 Nc6 19.a3 a5 20.exd5 Nxb4 21.axb4 Bxb4 22.Qe2 Bxe1
23.Rxe1 Bxd5 24.Nf5 Bxf3 25.gxf3 Nc5 26.Bc1 Qd7 27.Ng3 b4 28.Kh2 a4 29.Ne4 Ne6
30.Be3 b3 31.Bd1 Red8 32.Qb2 Nd4 33.Rg1 Kh8 34.Qa3 Rdc8 35.f4 f5 36.Nd6 Qe7
37.Rg3 b2 38.Qxb2 a3 39.Qa1 Nc2 40.Nxc8 Nxa1 41.Nxe7 a2 42.Rg1  1-0

[Event "31st Benasque Open"]
[Site "Benasque ESP"]
[Date "2011.07.09"]
[Round "3"]
[White "Szabo,Krisz1"]
[Black "Mamedjarova,Z"]
[Result "1/2-1/2"]
[WhiteElo "2542"]
[BlackElo "2289"]

1.e4 e5 2.Nf3 Nc6 3.Bb5 a6 4.Ba4 Nf6 5.O-O Be7 6.Re1 b5 7.Bb3 d6 8.c3 O-O
9.h3 Bb7 10.d4 Re8 11.Nbd2 Bf8 12.a3 h6 13.Bc2 g6 14.b3 Bg7 15.Bb2 Nh5 16.d5 Nb8
17.Bd3 c6 18.dxc6 Nxc6 19.c4 Qb6 20.b4 Rac8 21.Rc1 Nf4 22.Bf1 h5 23.Qb3 Bh6
24.Rcd1 g5 25.Qe3 Qd8 26.Nh2 Re6 27.cxb5 axb5 28.Qb3 Rg6 29.g3 Qb6 30.gxf4 gxf4+
31.Bg2 Rd8 32.Qf3 Bg5 33.Qxh5 Kg7 34.Qf3 Ne7 35.Qe2 Rh8 36.Ng4 Bc8 37.Nf1 Bh4
38.Rxd6 Rxd6 39.Bxe5+ f6 40.Bxd6 Qxd6 41.e5 fxe5 42.Qxe5+ Qxe5 43.Rxe5 Nf5
44.Re4 Bg5 45.Nd2 Bd8 46.Nf3 Bc7 47.Nd4 Nxd4 48.Rxd4 f3 49.Bxf3  1/2-1/2

[Event "SPA Open A"]
[Site "Amsterdam NED"]
[Date "2011.07.11"]
[Round "3"]
[White "Nijboer,F"]
[Black "Zult,D"]
[Result "1-0"]
[WhiteElo "2546"]
[BlackElo "2241"]

1.e4 e5 2.Nf3 Nc6 3.Bb5 a6 4.Ba4 Nf6 5.O-O Be7 6.Re1 b5 7.Bb3 d6 8.c3 O-O
9.h3 Bb7 10.d4 Re8 11.Nbd2 Bf8 12.a3 h6 13.Bc2 Nb8 14.b4 Nbd7 15.Bb2 Nb6
16.c4 exd4 17.cxb5 axb5 18.Nxd4 Na4 19.Bxa4 bxa4 20.Qc2 Nh5 21.Re3 c5 22.bxc5 dxc5
23.Nf5 Ra6 24.Rae1 Rg6 25.Nf3 Nf4 26.N3h4 Rg5 27.Kh2 Qa8 28.g3 Ng6 29.Nf3 Rh5
30.Qc3 Qc8 31.g4 Qc7+ 32.e5 Bxf3 33.gxh5 Bxh5 34.Ng3 Nf4 35.Re4 Nd5 36.Qd2 Bf3
37.Qxd5 Rd8 38.Qc4 Rd2 39.R4e2 Bxe2 40.Rxe2 Rd1 41.Qxa4  1-0

[Event "Open ch-SVK A"]
[Site "Banska Stiavnica SVK"]
[Date "2011.07.12"]
[Round "4"]
[White "Varga,Dav"]
[Black "Sosovicka,J"]
[Result "1/2-1/2"]
[WhiteElo "2364"]
[BlackElo "2175"]

1.e4 e5 2.Nf3 Nc6 3.Bb5 a6 4.Ba4 Nf6 5.O-O Be7 6.Re1 b5 7.Bb3 d6 8.c3 O-O
9.h3 Bb7 10.d4 Re8 11.Nbd2 Bf8 12.d5 Nb8 13.a4 Nbd7 14.Bc2 c6 15.dxc6 Bxc6
16.b4 Qc7 17.axb5 axb5 18.Bb2 Rxa1 19.Bxa1 d5 20.exd5 Nxd5 21.Bb3 g6 22.Ne4 N7b6
23.Bxd5 Nxd5 24.c4 bxc4 25.b5 Bb7 26.Qxd5 Bxd5 27.Nf6+ Kh8 28.Nxe8 Qa5 29.Bxe5+ f6
30.Ra1 Qxb5 31.Bxf6+ Kg8 32.Nc7 Qc6 33.Nxd5 Qxd5 34.Re1 Qc6 35.Bc3 Bg7 36.Ne5 Bxe5
37.Rxe5 Qd6 38.Re3 Qd1+ 39.Kh2 Kf7 40.Rf3+ Ke6 41.Rf6+ Ke7 42.Rf4 Qd3 43.Rf3 Qd6+
44.g3 Qd1 45.Re3+ Kf7 46.g4 g5 47.Kg2 h6 48.Rf3+ Kg8 49.Re3 Kf7 50.Be1 Qd5+
51.Kf1 Qd1 52.Kg2 Qd5+ 53.Kf1  1/2-1/2

[Event "SPA Open A"]
[Site "Amsterdam NED"]
[Date "2011.07.15"]
[Round "7"]
[White "Tan,Mat"]
[Black "Zult,D"]
[Result "1-0"]
[WhiteElo "2400"]
[BlackElo "2241"]

1.e4 e5 2.Nf3 Nc6 3.Bb5 a6 4.Ba4 Nf6 5.O-O Be7 6.Re1 b5 7.Bb3 d6 8.c3 O-O
9.h3 Bb7 10.d4 Re8 11.Nbd2 Bf8 12.a3 h6 13.Bc2 Nb8 14.b4 Nbd7 15.Bb2 Nb6
16.Rb1 Rc8 17.c4 exd4 18.cxb5 axb5 19.Nxd4 c5 20.Nxb5 cxb4 21.axb4 Nc4 22.Nxc4 Rxc4
23.Bd3 Rxb4 24.Qd2 Ra4 25.Bxf6 Qxf6 26.Nc7 Rb8 27.Na6 Bxa6 28.Rxb8 Rd4 29.Rb3 Bc4
30.Rc3 d5 31.exd5 Bxd5 32.Re8 Bc6 33.Bh7+ Kxh7 34.Qc2+ g6 35.Rxc6 Bd6 36.Re3 Kg7
37.g3 Qg5 38.Rd3 Be5 39.Rc5 Qf6 40.Rxd4 Bxd4 41.Rc4 Qe5 42.Kh2 h5 43.Qd2 Ba1
44.Qf4 Qe6 45.Re4 Qd5 46.Re3 Bf6 47.Qe4 Qd2 48.Rf3 Qa2 49.Kg2 Qa6 50.Qd5 Qc8
51.Rb3 Qe8 52.Rb7 Ba1 53.Kh2 Bf6 54.Qd7 Qf8 55.h4 Be5 56.Qe7 Qxe7 57.Rxe7 Bd4
58.Kg2 Bf6 59.Rd7 Bc3 60.Rd3 Bf6 61.Kf3 Be7 62.Rd5 Bb4 63.Rb5 Be1 64.Rb1 Bc3
65.Ke4 Bf6 66.Kd5 Bc3 67.Rc1 Bb2 68.Rc2 Ba1 69.Rd2 Bc3 70.Rd3 Be1 71.Rf3 Bb4
72.Kc6 Bf8 73.Rb3 Kf6 74.Kd7 Bc5 75.Ke8 Ke6 76.Rb2 f6 77.Re2+ Kf5 78.Rc2 Bd4
79.Rc4 Ke5 80.f4+ Kd5 81.Rxd4+  1-0

[Event "III Corporation Cup A"]
[Site "Izhevsk RUS"]
[Date "2011.07.15"]
[Round "1"]
[White "Ziatdinov,R"]
[Black "Fedorov,D"]
[Result "1/2-1/2"]
[WhiteElo "2413"]
[BlackElo "2125"]

1.e4 e5 2.Nf3 Nc6 3.Bb5 a6 4.Ba4 Nf6 5.O-O Be7 6.Re1 b5 7.Bb3 d6 8.c3 O-O
9.h3 Bb7 10.d4 Re8 11.Nbd2 Bf8 12.a3 h6 13.Bc2 Nb8 14.b4 Nbd7 15.Bb2 c5 16.bxc5 exd4
17.cxd4 dxc5 18.d5 Qc7 19.Nf1 Bd6 20.Nh4 g6 21.g3 c4 22.Qd2 Bf8 23.Rad1 Rac8
24.Bc3 Bg7 25.d6 Qb6 26.Bxf6 Bxf6 27.Qxh6 Qc5 28.Nf3 Qxa3 29.Qf4 b4 30.Ne3 b3
31.Bb1 c3 32.Ng4 c2 33.Nxf6+ Nxf6 34.Ng5 cxd1=Q 35.Rxd1 Qb2 36.d7 Qe5 37.dxc8=Q Bxc8
38.Qxe5 Rxe5 39.Rd8+ Re8 40.Rd3 Be6 41.e5 Bf5 42.Rxb3 Rxe5 43.Ba2 Re1+ 44.Kg2 Ne4
45.Nxf7 Re2 46.Nh6+ Kh7 47.Nxf5 Rxf2+ 48.Kg1 Rxa2 49.Rb7+ Kh8 50.Rb8+ Kh7
51.Rb7+  1/2-1/2

[Event "III Corporation Cup A"]
[Site "Izhevsk RUS"]
[Date "2011.07.22"]
[Round "7"]
[White "Lepkasov,V"]
[Black "Fedorov,D"]
[Result "1-0"]
[WhiteElo "2173"]
[BlackElo "2125"]

1.e4 e5 2.Nf3 Nc6 3.Bb5 a6 4.Ba4 Nf6 5.O-O Be7 6.Re1 b5 7.Bb3 d6 8.c3 O-O
9.h3 Bb7 10.d4 Re8 11.Nbd2 Bf8 12.d5 Nb8 13.Nf1 Nbd7 14.Bg5 h6 15.Bxf6 Qxf6
16.N3h2 g6 17.Re3 Rad8 18.Rg3 Nc5 19.Bc2 Bg7 20.Ne3 Kh7 21.b4 Nd7 22.a4 c6
23.dxc6 Bxc6 24.axb5 axb5 25.Nd5 Bxd5 26.Qxd5 Rb8 27.Rf3 Qg5 28.Rxf7 Nf6
29.Qxd6 Ra8 30.Rf1 Rac8 31.f4 exf4 32.Nf3  1-0

[Event "COQ Invitational"]
[Site "Montreal CAN"]
[Date "2011.07.25"]
[Round "4"]
[White "Calugar,A"]
[Black "Khassanov,M"]
[Result "1-0"]
[WhiteElo "2247"]
[BlackElo "2286"]

1.e4 e5 2.Nf3 Nc6 3.Bb5 a6 4.Ba4 Nf6 5.O-O Be7 6.Re1 b5 7.Bb3 O-O 8.c3 d6
9.h3 Bb7 10.d4 Re8 11.Ng5 Rf8 12.Nf3 Re8 13.d5 Na5 14.Bc2 c6 15.dxc6 Bxc6
16.Nbd2 Bf8 17.Nf1 h6 18.g4 g6 19.g5 Nh5 20.N1h2 hxg5 21.Bxg5 Be7 22.Bh6 Nb7
23.Ng4 Nc5 24.b4 Ne6 25.Kh2 Nhf4 26.Bb3 Bf8 27.Bd5 Rc8 28.Rg1 Bxd5 29.exd5 Nc7
30.Bg5 Be7 31.Bxf4 exf4 32.Qd4 Rf8 33.Nh6+ Kh7 34.Nf5 Bf6 35.Qxf4 Kg8 36.Qh6 Nxd5
37.Ng5 Be5+ 38.Kh1 Re8 39.Qh7+  1-0

[Event "Open NK"]
[Site "Dieren NED"]
[Date "2011.07.26"]
[Round "7"]
[White "Vovk,A"]
[Black "Nijboer,F"]
[Result "1-0"]
[WhiteElo "2551"]
[BlackElo "2546"]

1.e4 e5 2.Nf3 Nc6 3.Bb5 a6 4.Ba4 Nf6 5.O-O Be7 6.Re1 b5 7.Bb3 d6 8.c3 O-O
9.h3 Bb7 10.d4 Re8 11.Nbd2 Bf8 12.d5 Nb8 13.Nf1 Nbd7 14.Ng3 Nc5 15.Nh2 c6
16.dxc6 Bxc6 17.Bg5 Nxb3 18.axb3 h6 19.Bxf6 Qxf6 20.Ng4 Qg5 21.Ne3 g6 22.Nd5 Ra7
23.Re3 h5 24.Rf3 Bg7 25.Qd3 a5 26.Nb4 Bd7 27.Qxd6 Qe7 28.Qb6 Rea8 29.Rd3 Be8
30.Nd5 Qe6 31.Qe3 Kh7 32.Rad1 Rb7 33.Nf1 f5 34.Qf3 f4 35.h4 Qc8 36.Nh2 b4
37.c4 a4 38.bxa4 Rxa4 39.Qe2 b3 40.Rc3 Qc5 41.Nf3 Kh8 42.Nd2 Ra2 43.Nxb3 Qc8
44.c5 Bb5 45.Qd2 Qg4 46.Rdc1 Bc6 47.Rh3 Kh7 48.Nb4 f3 49.Rxf3 Bh6 50.Qc3 Bxc1
51.Nxc1 Rxb4 52.Qxb4 Bxe4 53.Nxa2 Bxf3 54.Qxg4 Bxg4 55.Nc3 Kg7 56.f3 Be6
57.b4  1-0

[Event "Tabor Open"]
[Site "Tabor CZE"]
[Date "2011.08.03"]
[Round "5.6"]
[White "Talla,V"]
[Black "Meszaros,Lu"]
[Result "1-0"]
[WhiteElo "2427"]
[BlackElo "2170"]

1.e4 e5 2.Nf3 Nc6 3.Bb5 a6 4.Ba4 Nf6 5.O-O Be7 6.Re1 b5 7.Bb3 d6 8.c3 O-O
9.h3 Bb7 10.d4 Re8 11.a4 Bf8 12.d5 Nb8 13.axb5 axb5 14.Rxa8 Bxa8 15.Na3 c6
16.Bg5 Nbd7 17.dxc6 Bxc6 18.Nc2 h6 19.Bxf6 Nxf6 20.Nb4 Bb7 21.Nd5 Nxd5 22.Bxd5 Qa8
23.Bxb7 Qxb7 24.Qd3 Ra8 25.g3 Ra2 26.b4 Qa7 27.Re2 Ra1+ 28.Kg2 Qa4 29.Nh2 Rd1
30.Rd2 Rc1 31.Nf1 Qa1 32.Rc2 Qb1 33.Ne3 Rh1 34.Rd2 Qg1+ 35.Kf3 Qh2 36.h4 Rg1
37.Rd1 Qh1+ 38.Ke2 Rxd1 39.Nxd1 g5 40.hxg5 hxg5 41.g4 Qg1 42.Ne3 Qa1 43.Nd5 Qg1
44.Ne3 Qa1 45.Qc2 Qh1 46.c4 bxc4 47.Qxc4 Qb1 48.Nd5 Qg1 49.Ne3 Qb1 50.b5 Kg7
51.Nf5+ Kg8 52.Qd5 Qg1 53.Ne3 Qb1 54.Qd3 Qc1 55.Nd5 Qg1 56.Qf3 Qb1 57.b6 Bg7
58.Qd3 Qb2+ 59.Kf3 Kh7 60.Qc3 Qb1 61.Ke3 f5 62.f3 fxg4 63.fxg4 Qg1+ 64.Kd3 Qd1+
65.Kc4 Qb1 66.Qf3 Qg1 67.Kb5 Qc5+ 68.Ka6 Qc6 69.Qh1+ Bh6 70.Nc7 Qc3  1-0

[Event "50th World Juniors"]
[Site "Chennai IND"]
[Date "2011.08.10"]
[Round "8.10"]
[White "Vaibhav,S"]
[Black "Sethuraman,S"]
[Result "1/2-1/2"]
[WhiteElo "2430"]
[BlackElo "2529"]

1.e4 e5 2.Nf3 Nc6 3.Bb5 a6 4.Ba4 Nf6 5.O-O Be7 6.Re1 b5 7.Bb3 d6 8.c3 O-O
9.h3 Bb7 10.d4 Re8 11.Nbd2 Bf8 12.d5 Nb8 13.Nf1 Nbd7 14.N3h2 Rc8 15.Ng4 Nxg4
16.Qxg4 Nc5 17.Bc2 c6 18.dxc6 Bxc6 19.Bg5 Qc7 20.Rad1 Bd7 21.Qf3 Be6 22.a3 Qb7
23.Bc1 a5 24.Ne3 Nb3 25.Rd3 Nxc1 26.Rxc1 b4 27.cxb4 axb4 28.Rcd1 bxa3 29.bxa3 f5
30.R3d2 f4 31.Nd5 Qf7 32.Ba4 Red8 33.Rb1 g5 34.Bd1 Rc5 35.a4 Rdc8 36.Qb3 Kh8
37.Bg4 h5 38.Bxe6 Qxe6 39.Nb6 Rc1+ 40.Kh2 Qxb3 41.Rxb3 R8c6 42.Nd5 Ra1 43.Rc3 Rxc3
44.Nxc3 Ra3 45.Rc2 Kg7 46.Kg1 g4 47.hxg4 hxg4 48.Kf1 f3 49.gxf3 gxf3 50.Kg1 Be7
51.Kh2 Bh4 52.Nb5 Rxa4 53.Nxd6 Kg6 54.Kh3 Bxf2 55.Rxf2 Rd4 56.Nf5 Rxe4 57.Nh4+ Kf6
58.Nxf3 Ra4 59.Kg3 e4  1/2-1/2

[Event "e2e4 Int Masters C"]
[Site "Sunningdale ENG"]
[Date "2011.08.11"]
[Round "3"]
[White "Byron,A"]
[Black "Savage,B"]
[Result "1-0"]
[WhiteElo "2223"]
[BlackElo "2263"]

1.e4 e5 2.Nf3 Nc6 3.Bb5 a6 4.Ba4 Nf6 5.O-O Be7 6.Re1 b5 7.Bb3 O-O 8.c3 d6
9.h3 Bb7 10.a4 Qd7 11.d4 Rae8 12.axb5 axb5 13.d5 Nb8 14.c4 bxc4 15.Bxc4 Qc8
16.Nc3 Ba6 17.Qe2 Bxc4 18.Qxc4 c6 19.Ra7 Nfd7 20.Be3 cxd5 21.Qxc8 Rxc8 22.Nxd5 Bd8
23.b4 f5 24.Bg5 fxe4 25.Bxd8 Rcxd8 26.Ng5 Nc6 27.Ra6 Ndb8 28.Rb6 h6 29.Ne6 Kf7
30.Nxf8 Kxf8 31.Rxe4 Kf7 32.Rc4 Nd4 33.Rc7+ Ke6 34.Ne3 Nd7 35.Rbb7 d5 36.Nxd5 Kd6  1-0

[Event "Malaysian Open"]
[Site "Kuala Lumpur MAS"]
[Date "2011.08.19"]
[Round "3.32"]
[White "Zhai Mo"]
[Black "Milligan,H"]
[Result "1-0"]
[WhiteElo "2198"]
[BlackElo "1965"]

1.e4 e5 2.Nf3 Nc6 3.Bb5 a6 4.Ba4 Nf6 5.O-O Be7 6.Re1 b5 7.Bb3 d6 8.c3 O-O
9.h3 Bb7 10.d4 Re8 11.Nbd2 Bf8 12.a3 g6 13.Ba2 Bg7 14.b4 Qd7 15.d5 Ne7 16.Nb3 c6
17.Nxe5 dxe5 18.Nc5 Qc8 19.d6 Rd8 20.Bg5 Ned5 21.exd5 Rxd6 22.Bxf6 Rxf6 23.d6 Rb8
24.d7 Qd8 25.Rxe5  1-0

[Event "Shepetivka Open"]
[Site "Shepetivka UKR"]
[Date "2011.08.19"]
[Round "5.2"]
[White "Khabinets,Ivan"]
[Black "Terletsky,O"]
[Result "1/2-1/2"]
[WhiteElo "2203"]
[BlackElo "2199"]

1.e4 e5 2.Nf3 Nc6 3.Bb5 a6 4.Ba4 Nf6 5.O-O Be7 6.Re1 b5 7.Bb3 d6 8.c3 O-O
9.h3 Bb7 10.d3 Na5 11.Bc2 c5 12.Nbd2 Nc6 13.Nf1 Re8 14.Ng3 Bf8 15.Nf5 d5
16.Qe2 d4 17.Bg5 h6 18.Bd2 Qd7 19.cxd4 exd4 20.a4 Rad8 21.axb5 axb5 22.Qf1 c4
23.Ng3 Nb4 24.Bb1 Rc8 25.e5 c3 26.exf6 Bxf3 27.bxc3 dxc3 28.Bxc3 Rxc3 29.gxf3 Rxe1
30.Qxe1 Qc6 31.d4 Nd3 32.Bxd3 Rxd3 33.Qe4 Qxe4 34.fxe4 Rxd4 35.fxg7 Bxg7
36.Ra8+ Kh7 37.Ra7 Kg8 38.Ra8+ Kh7 39.Ra7 Kg8 40.Ra8+  1/2-1/2

[Event "Manhattan Open"]
[Site "New York USA"]
[Date "2011.08.20"]
[Round "6"]
[White "Shvartsman,A"]
[Black "Santarius,E"]
[Result "0-1"]
[WhiteElo "2209"]
[BlackElo "2311"]

1.e4 e5 2.Nf3 Nc6 3.Bb5 a6 4.Ba4 Nf6 5.O-O Be7 6.Re1 b5 7.Bb3 d6 8.c3 O-O
9.h3 Bb7 10.d4 Re8 11.Nbd2 Bf8 12.Bc2 g6 13.b3 Bg7 14.a4 b4 15.d5 bxc3 16.Nc4 Nd4
17.Na5 Rb8 18.Qd3 c5 19.dxc6 Qxa5 20.Nxd4 exd4 21.cxb7 Nd7 22.b4 Qxb4 23.Ba3 Qxb7
24.Bxd6 Rbd8 25.f4 Nf8 26.e5 Ne6 27.f5 Nf4 28.Qf1 Bh6 29.g3 Nh5 30.Rab1 Qa7
31.Kh2 Be3 32.Qf3 Rd7 33.Rb3 Ng7 34.g4 Rxd6 35.exd6 Qd7 36.Kg2 Qxd6 37.Bd3 Rc8
38.Re2 Ne8 39.Qb7 Rc7 40.Qa8 Re7 41.Rb8 Kf8 42.f6 Qxf6 43.Qxa6 Qf4 44.Qb5 h5
45.gxh5 Re5 46.Rxe8+ Rxe8 47.Qc5+ Kg7 48.h6+ Kh7 49.Qh5 Re5  0-1

[Event "Shepetivka Open"]
[Site "Shepetivka UKR"]
[Date "2011.08.20"]
[Round "8.3"]
[White "Kisel,N"]
[Black "Terletsky,O"]
[Result "1/2-1/2"]
[WhiteElo "2020"]
[BlackElo "2199"]

1.e4 e5 2.Nf3 Nc6 3.Bb5 a6 4.Ba4 Nf6 5.O-O Be7 6.Re1 b5 7.Bb3 d6 8.c3 O-O
9.h3 Bb7 10.d4 Re8 11.Nbd2 Bf8 12.a4 h6 13.Bc2 exd4 14.cxd4 Nb4 15.Bb1 c5
16.dxc5 dxc5 17.e5 Nd7 18.b3 Rc8 19.Bf5 Bd5 20.axb5 axb5 21.Ne4 Be6 22.Bxe6 Rxe6
23.Nc3 c4 24.Nxb5 Nd3 25.Re2 N7xe5 26.Nfd4 Rb6 27.Be3 Qf6 28.Na7 Rc5 29.bxc4 Rxc4
30.Rc2 Rxc2 31.Nxc2 Rb2 32.Rb1 Nc4 33.Rxb2 Ndxb2 34.Qe2 Nxe3 35.Qxe3 Nd1
36.Qd4 Qxf2+ 37.Qxf2 Nxf2 38.Kxf2 Bc5+ 39.Kf3 Bxa7 40.Nb4 g6 41.Nd3 Bb8 42.g4 Kg7
43.Nc5 Bd6 44.Ne4 Be7 45.Kf4 Bb4 46.Ke5 Kf8 47.h4 Ke7 48.h5 Ba3 49.hxg6 fxg6
50.Nd2 Bb2+ 51.Ke4 Kf6 52.Nf3 g5 53.Nd2 Ba1 54.Nf1 Bc3 55.Ng3 Kg6 56.Nf5 Bb4
57.Ng3 Bd6 58.Nf5 Bf8 59.Ng3 Bc5 60.Nf5 h5 61.gxh5+ Kxh5 62.Ng7+ Kh4 63.Ne6 g4
64.Nxc5 g3 65.Kf3 Kh3 66.Nd3 Kh2  1/2-1/2

[Event "Malaysian Open"]
[Site "Kuala Lumpur MAS"]
[Date "2011.08.23"]
[Round "7.4"]
[White "Cao,S"]
[Black "Dao Thien Hai"]
[Result "1/2-1/2"]
[WhiteElo "2533"]
[BlackElo "2492"]

1.e4 e5 2.Nf3 Nc6 3.Bb5 a6 4.Ba4 Nf6 5.O-O b5 6.Bb3 Be7 7.Re1 O-O 8.c3 d6
9.h3 Bb7 10.d4 Re8 11.Ng5 Rf8 12.Nf3 Re8 13.Ng5 Rf8 14.Nf3 Re8 15.Ng5 Rf8
16.Nf3 Re8 17.Ng5 Rf8 18.Nf3  1/2-1/2

[Event "26th Schwarzacher Open"]
[Site "Schwarzach AUT"]
[Date "2011.08.25"]
[Round "6"]
[White "Tjiam,D"]
[Black "Jens,J"]
[Result "1/2-1/2"]
[WhiteElo "2382"]
[BlackElo "2382"]

1.e4 e5 2.Nf3 Nc6 3.Bb5 a6 4.Ba4 Nf6 5.O-O Be7 6.Re1 b5 7.Bb3 d6 8.c3 O-O
9.h3 Bb7 10.d4 Re8 11.Ng5 Rf8 12.Nf3 Re8 13.Nbd2 Bf8 14.d5 Nb8 15.Nf1 h6
16.N3h2 Nbd7 17.Ng4 Nxg4 18.Qxg4 Nf6 19.Qf3 c6 20.dxc6  1/2-1/2

[Event "BDO Challengers"]
[Site "Haarlem NED"]
[Date "2011.08.27"]
[Round "8.2"]
[White "Peelen,P"]
[Black "Arnaudov,G"]
[Result "1-0"]
[WhiteElo "2354"]
[BlackElo "2439"]

1.e4 e5 2.Nf3 Nc6 3.Bb5 a6 4.Ba4 Nf6 5.O-O Be7 6.Re1 b5 7.Bb3 d6 8.c3 O-O
9.h3 Bb7 10.d4 Nd7 11.Nbd2 exd4 12.cxd4 Bf6 13.Nf1 Re8 14.N1h2 Na5 15.Bc2 h5
16.Rb1 Nf8 17.Nf1 Rc8 18.b3 g6 19.Re2 Ba8 20.Bh6 Bg7 21.Qd2 Bxh6 22.Qxh6 c5
23.Ng3 cxd4 24.Nxd4 Nh7 25.e5 Qg5 26.Qxg5 Nxg5 27.exd6 Rxe2 28.Ngxe2 Rd8
29.Rc1 Kg7 30.h4 Ne4 31.Bxe4 Bxe4 32.Ng3 Ba8 33.Rc7 Kf6 34.Ra7 Ke5 35.Rxa6 Kxd4
36.Rxa5 Bc6 37.a4 b4 38.Ne2+ Kd3 39.Rc5 Rxd6 40.Nf4+ Kd2 41.a5 Ba8 42.Rc4 Ra6
43.Rxb4 Rxa5 44.Ra4 Rxa4 45.bxa4 Kc3 46.f3 Kb4 47.Kf2 Kxa4 48.Ke3 Kb5 49.Kd4 Kc6
50.Ke5 Kd7 51.Kf6 Ke8 52.Nxg6 fxg6 53.Kxg6 Ke7 54.Kxh5 Kf6 55.Kg4 Bd5 56.Kf4 Kg6
57.g4 Bc6 58.Kg3 Ba4 59.h5+ Kg5 60.f4+ Kh6 61.Kh4 Bd1 62.f5 Kg7 63.g5 Bc2
64.h6+ Kh7 65.Kg4 Bd3 66.Kf4 Bc2 67.Ke5 Bd3 68.Ke6 Bc2 69.f6 Kg8 70.f7+ Kf8
71.Kf6  1-0

[Event "1st Barclays Open A"]
[Site "Rome ITA"]
[Date "2011.09.06"]
[Round "3.5"]
[White "Kravtsiv,M"]
[Black "Ronchetti,N"]
[Result "1/2-1/2"]
[WhiteElo "2583"]
[BlackElo "2440"]

1.e4 e5 2.Nf3 Nc6 3.Bb5 a6 4.Ba4 Nf6 5.O-O Be7 6.Re1 b5 7.Bb3 d6 8.c3 O-O
9.h3 Bb7 10.d4 Re8 11.Nbd2 Bf8 12.a3 h6 13.Ba2 Qd7 14.b4 a5 15.d5 Ne7 16.Bb2 c6
17.c4 axb4 18.axb4 bxc4 19.Nxc4 cxd5  1/2-1/2

[Event "5th ch-Euro IBCA"]
[Site "Rhodes GRE"]
[Date "2011.09.07"]
[Round "2.10"]
[White "Olsar,J"]
[Black "Schellmann,F"]
[Result "1/2-1/2"]
[WhiteElo "2231"]
[BlackElo "2047"]

1.e4 e5 2.Nf3 Nc6 3.Bb5 a6 4.Ba4 Nf6 5.O-O Be7 6.Re1 b5 7.Bb3 d6 8.c3 O-O
9.h3 Bb7 10.d4 Re8 11.Nbd2 Bf8 12.d5 Nb8 13.Bc2 Nbd7 14.Nf1 c6 15.dxc6 Bxc6
16.Bg5 h6 17.Bxf6 Nxf6 18.Ng3 Qc7 19.Bb3 Rad8 20.Qe2 d5 21.Nd2 Qb7 22.exd5 Bxd5
23.Nde4 Nxe4 24.Nxe4 Kh8 25.Rad1  1/2-1/2

[Event "2nd Livigno Open A"]
[Site "Livigno ITA"]
[Date "2011.09.12"]
[Round "1"]
[White "Solodovnichenko,Y"]
[Black "Pacher,M"]
[Result "1-0"]
[WhiteElo "2622"]
[BlackElo "2403"]

1.e4 e5 2.Nf3 Nc6 3.Bb5 a6 4.Ba4 Nf6 5.O-O Be7 6.Re1 b5 7.Bb3 d6 8.c3 O-O
9.h3 Bb7 10.d4 Re8 11.Ng5 Rf8 12.Nf3 Re8 13.Nbd2 Bf8 14.a3 Nb8 15.dxe5 dxe5
16.Ng5 Re7 17.Nxf7 Rxf7 18.Nf3 Qxd1 19.Rxd1 c5 20.Be6 Bxe4 21.Nxe5 Ra7 22.Rd8 Nc6
23.Nxf7 Rxf7 24.Ra8 a5 25.Be3 Bd5 26.Bxf7+ Kxf7 27.Rd1 a4 28.Rc8 Bb3 29.Rd2 Ne7
30.Rxc5 Ne4 31.Rxb5 Nxd2 32.Bxd2 Nd5 33.f4 Bd6 34.Kf2 Ke6 35.g3 Kf5 36.Rb7 Bc7
37.Be3 h5 38.Bd4 g6 39.h4 Bd8 40.Ra7 Nf6 41.Ke3 Nd5+ 42.Kd3 Nb6 43.Ra5+ Kg4
44.Bxb6 Bxb6 45.Rg5+ Kf3 46.Rxg6 Bf2 47.c4 Bxg3 48.Rxg3+ Kxg3 49.f5 Ba2 50.f6 Bb1+
51.Ke3  1-0

[Event "Caissa GM Sept 2011"]
[Site "Kecskemet HUN"]
[Date "2011.09.26"]
[Round "9.3"]
[White "Estrada Nieto,J"]
[Black "Groszpeter,A"]
[Result "1/2-1/2"]
[WhiteElo "2285"]
[BlackElo "2521"]

1.e4 e5 2.Nf3 Nc6 3.Bb5 a6 4.Ba4 Nf6 5.O-O Be7 6.Re1 b5 7.Bb3 d6 8.c3 O-O
9.h3 Bb7 10.d4 Re8 11.a4 h6 12.Nbd2 Bf8 13.Bc2 exd4 14.cxd4 Nb4 15.Bb1 c5
16.d5 Nd7 17.Ra3 c4 18.axb5  1/2-1/2

[Event "Sub-Zonal 2.3.4 2011"]
[Site "Pereira COL"]
[Date "2011.09.26"]
[Round "5"]
[White "Morales,Jo"]
[Black "De Arco,L"]
[Result "1/2-1/2"]
[WhiteElo "2330"]
[BlackElo "2244"]

1.e4 e5 2.Nf3 Nc6 3.Bb5 a6 4.Ba4 Nf6 5.O-O Be7 6.Re1 b5 7.Bb3 O-O 8.h3 d6
9.c3 Bb7 10.d3 Na5 11.Bc2 c5 12.Nbd2 Re8 13.Nf1 Bf8 14.Ng3 g6 15.Nh2 d5 16.Ng4 Nxg4
17.Qxg4 Bc8 18.Qe2 d4 19.Bd2 Be6 20.cxd4 cxd4 21.Rec1 Nc6 22.Bb3 Bxb3 23.axb3 Qd7
24.Qg4 Qxg4 25.hxg4 Rec8 26.Kf1 Nb4 27.Bxb4 Bxb4 28.Ke2 a5 29.Kd1 Kg7 30.Nf1 Kf6
31.Nh2 Ke6 32.Nf3 h6 33.Ke2 Kf6 34.Rab1 Ke6 35.Ra1  1/2-1/2

[Event "Sub-Zonal 2.3.4 2011"]
[Site "Pereira COL"]
[Date "2011.09.29"]
[Round "10"]
[White "Barrientos,S"]
[Black "De Arco,L"]
[Result "1-0"]
[WhiteElo "2507"]
[BlackElo "2244"]

1.e4 e5 2.Nf3 Nc6 3.Bb5 a6 4.Ba4 Nf6 5.O-O Be7 6.Re1 b5 7.Bb3 O-O 8.h3 d6
9.c3 Bb7 10.d4 Re8 11.Nbd2 Bf8 12.d5 Nb8 13.Nf1 Nbd7 14.N3h2 Nc5 15.Bc2 c6
16.b4 Ncd7 17.dxc6 Bxc6 18.Bg5 h6 19.Bxf6 Nxf6 20.Ng4 Nxg4 21.Qxg4 Bd7 22.Qf3 Rc8
23.Bb3 Be6 24.Rac1 a5 25.Ne3 axb4 26.cxb4 Qd7 27.Qe2 Be7 28.Rcd1 Bg5 29.Nd5 Bxd5
30.Rxd5 Rb8 31.Red1 Rb6 32.Qd3 Re6 33.Rc5 Re7 34.Qc3 Bf4 35.g3 Qxh3 36.Rc8+ Kh7
37.gxf4 Qg4+ 38.Kf1 exf4 39.f3 Qh3+ 40.Ke1 Qg2 41.Rd5 Ra6 42.Kd1 Rea7 43.Kc1 Rxa2
44.Bxa2 Rxa2 45.Rxd6 Rf2 46.Rxh6+ Kxh6 47.Rh8+ Kg6 48.Qc6+ Kg5 49.Qd5+ Kf6
50.Qd6+  1-0

[Event "Tatry Open"]
[Site "Tatranske Zruby SVK"]
[Date "2011.10.01"]
[Round "8.45"]
[White "Stalmach,K"]
[Black "Burianek,P"]
[Result "1-0"]
[WhiteElo "2074"]
[BlackElo "1898"]

1.e4 e5 2.Nf3 Nc6 3.Bb5 a6 4.Ba4 Nf6 5.O-O Be7 6.Re1 b5 7.Bb3 d6 8.c3 O-O
9.h3 Bb7 10.d4 h6 11.Nbd2 Re8 12.Nf1 Bf8 13.Ng3 g6 14.a4 Bg7 15.d5 Na5 16.Bc2 Nc4
17.Qe2 Nb6 18.axb5 axb5 19.Rxa8 Qxa8 20.Qxb5 Ba6 21.Qa5 Nc4 22.Qa2 Qb7 23.Bd3 Ra8
24.Bxc4 Bb5 25.Qb3  1-0

[Event "TCh-CZE Liga1 Vychod"]
[Site "Czech Rep CZE"]
[Date "2011.10.02"]
[Round "1"]
[White "Sabol, Marian"]
[Black "Lanc, Alois"]
[Result "1-0"]
[WhiteElo "2371"]
[BlackElo "2367"]

1.e4 e5 2.Nf3 Nc6 3.Bb5 a6 4.Ba4 Nf6 5.O-O Be7 6.Re1 b5 7.Bb3 d6 8.c3 O-O
9.h3 Bb7 10.d3 h6 11.Nbd2 Re8 12.Nf1 Na5 13.Bc2 c5 14.Ne3 Bf8 15.Nf5 d5 16.Nd2 g6
17.Ng3 d4 18.c4 bxc4 19.Nxc4 Nxc4 20.dxc4 Bc6 21.Bd3 a5 22.Qc2 Qb6 23.f4 Nd7
24.Rf1 exf4 25.Bxf4 Ne5 26.b3 a4 27.Rab1 axb3 28.axb3 Ra7 29.Bxe5 Rxe5 30.Ne2 Qb7
31.Nf4 Bxe4 32.Rbe1 Bxd3 33.Qxd3 Qe7 34.Nd5 Rxe1 35.Nxe7+ Raxe7 36.Rxe1 Rxe1+
37.Kf2 Re3 38.Qd1 h5 39.b4 Bd6 40.g4 Rxh3 41.gxh5 Rxh5 42.b5 Rh2+ 43.Kg1 Rb2
44.Qf3 Kf8 45.Qa3 Rb4 46.Qa8+ Ke7 47.Qb7+ Ke8 48.Qd5 Ke7 49.Kf2 f6 50.Qg8 g5
51.Kf3 f5 52.Qxg5+ Ke6 53.Qg6+ Ke5 54.Qf7 Rb3+ 55.Ke2 Kf4 56.Qf6 Re3+ 57.Kd1 Be5
58.Qh4+ Kf3 59.Qh3+ Ke4 60.Qg2+ Kf4 61.b6 Rd3+ 62.Ke2 Re3+ 63.Kd2 Rb3 64.Qf1+ Kg5
65.b7 Kf6 66.Qh1 Bf4+ 67.Kc2 Rc3+ 68.Kb2 Rxc4 69.Qh8+ Kf7 70.Qh7+ Kf6 71.Qh4+ Ke6
72.Qxf4 Rb4+ 73.Kc2 Rxb7 74.Qh6+ Ke5 75.Qc6 Rh7 76.Qxc5+ Ke4 77.Qc6+ Ke5
78.Qe8+ Kf4 79.Qb8+ Ke4 80.Qe8+ Kf4 81.Kd3 Rh4 82.Qd8 Kg4 83.Kxd4 Rh3  1-0

[Event "Oslo GM Open"]
[Site "Oslo NOR"]
[Date "2011.10.07"]
[Round "7.29"]
[White "Gronnestad,A"]
[Black "Mihajlov,S"]
[Result "0-1"]
[WhiteElo "1990"]
[BlackElo "2122"]

1.e4 e5 2.Nf3 Nc6 3.Bb5 a6 4.Ba4 Nf6 5.O-O b5 6.Bb3 Be7 7.Re1 d6 8.c3 O-O
9.h3 Bb7 10.d3 Qd7 11.Nbd2 Rae8 12.Nf1 Bd8 13.Bg5 h6 14.Bxf6 Bxf6 15.Ne3 g6
16.Ng4 Bg7 17.a4 Kh7 18.axb5 axb5 19.Bd5 f5 20.Ne3 Bc8 21.exf5 gxf5 22.Qb3 Ne7
23.Ra7 f4 24.Be4+ Kh8 25.Nd5 Nxd5 26.Bxd5 Bf6 27.c4 Qg7 28.Kh2 bxc4 29.Qxc4 Bd8
30.b4 Rg8 31.Bxg8 Rxg8 32.Rg1 Qg6 33.Qc6 Qxd3 34.b5 Qe2 35.Ra3 e4 36.Ne5 Qh5
37.Nd7 Qf5 38.Qc3+ Kh7 39.b6 Bxd7 40.b7 Bf6 41.Qc4 d5 42.Qc5 f3 43.g4 Qe5+
44.Kh1 Be7 45.Qc3 d4 46.Qb3 Be6 47.Ra5 c5 48.Qb1 Bd6 49.Rg3 d3 50.Ra7 Bb8
51.Ra6 c4 52.Rxe6 Qxe6  0-1